Caricamento...
Arabic language in Kerala /
| Autore principale: | |
|---|---|
| Natura: | Printed Book |
| Lingua: | Arabic |
| Pubblicazione: |
Malappuram:
Edumart,
|
| Soggetti: |
| LEADER | 00517nam a22001457a 4500 | ||
|---|---|---|---|
| 008 | 130525b xxu||||| |||| 00| 0 ara d | ||
| 082 | |a 492.7095483 | ||
| 100 | |a Shaikh Mohammed, K | ||
| 245 | |a Arabic language in Kerala / |c K Shaikh Mohammed | ||
| 260 | |a Malappuram: |b Edumart, | ||
| 300 | |a 288p. ; |c 22 cm | ||
| 650 | |a Arabic Language |v Kerala | ||
| 942 | |c BK | ||
| 999 | |c 98862 |d 98862 | ||
| 952 | |0 0 |1 0 |4 0 |6 492_709548300000000_SHA_A_A |7 0 |9 98293 |a UL |b UL |c ST1 |d 2013-05-25 |l 1 |o 492.7095483 SHA/A A |p G10211 |r 2014-05-09 |s 2014-04-07 |v 99.00 |y BK | ||